000 01172nam a2200277 i 4500
001 18323
003 DO-SdUEMH
005 20260112185739.0
007 ta
008 260112s2009 sp a|||gr|||| 00| 0dspa d
020 _a9788496998049
040 _aDO-SdUEMH
_bspa
_erda
041 _aspa
082 1 4 _mCG
_bO52
100 1 _eaut
245 _aGestión de Tesorería:
_boptimizando los flujos monetarios /
_cXavier Olsina
264 1 _aBarcelona, España :
_bPROFIT,
_c2009
264 4 _c©2009
300 _a174 páginas :
_bilustraciones ;
_c23 cm.
336 _2rdacontent
_atexto
_btxt
337 _2rdamedia
_asin mediación
_bn
338 _2rdacarrier
_avolumen
_bnc
504 _aContiene Información Bibliográfica a Final de la Obra.
505 2 _aCapítulo I: Gestión de tesorería -- Capítulo II: Los flujos de cobro -- Capítulo III: Los flujos de pago -- Capítulo IV: Las previsiones de tesorería -- Capítulo V: La gestión de los déficits de tesorería -- Capítulo VI: La gestión de los excedentes de tesorería -- Capítulo VII: Las relaciones bancarias -- Capítulo VIII: La gestión de tesorería en grupos de empresas
942 _2ddc
_cBK
_n0
999 _c18323
_d18323